| 000 | 00622nam a2200229 a 4500 | ||
|---|---|---|---|
| 005 | 20210219153430.0 | ||
| 008 | 991125n 000 0 spa u | ||
| 035 | _aUPN01000098523 | ||
| 100 | _aVALENZUELA FUENZALIDA, Alvaro M. | ||
| 222 | _aPERSPECTIVA EDUCACIONAL | ||
| 245 | _aEl scoutismo y sus valores desde el punto de vista de la teoría pedagógica | ||
| 260 | _aChile | ||
| 300 | _a55-63 | ||
| 362 | _a1995 No. 25, jul. | ||
| 653 | 0 | _aJUEGO | |
| 653 | 0 | _aJUVENTUD | |
| 653 | 0 | _aMETODOS EDUCATIVOS | |
| 653 | 0 | _aSCOUTISMO | |
| 653 | 0 | _aSISTEMA EDUCATIVO | |
| 904 |
_aAC _b036334 |
||
| 905 | _aArticulo | ||
| 999 |
_c76644 _d76644 |
||